Responses for show #3368 - Wednesday, April 7, 1999

Contestants

Chris Hartwell, an economist from Santa Monica, California

Nancy Ellis, a teacher from Columbia, South Carolina

Mary Katz, a lawyer from Macon, Georgia (whose 1-day cash winnings total $12,300)

Jeopardy! Round responses

PEOPLE IN HISTORY
OFFICIAL LANGUAGES
(Alex: You have to give us the language.)
WILD CRITTERS
BOXING TERMS
ROYs & ROGERs
QUOTABLE DEFINITIONS
    $100 1
Martha Washington

Mary
    $100 6
Spanish

Nancy
    $100 9
Polar bear

Mary
    $100 26
Ropes

Chris
    $100 13
Roger Ebert

Chris
    $100 21
Vice-presidency

Nancy
    $200 2
Sanskrit

Nancy
    $200 7
French

Nancy
    $200 10
Hummingbird

Nancy
    $200 28
The belt

Chris
    $200 14
Judge Roy Bean

Mary
    $200 22
(Alex: Thank God most people don't remember that definition!)

Television

Triple Stumper
    $300 3
"Mad King" Ludwig of Bavaria

Nancy
    $300 8
German

Mary
    $300 15
(Chris: What are palms?)
(Nancy: What are fingers?)
(Alex: We'll accept that--we were going for [*].)

knuckles (fingers accepted)

NancyChris
    $300 27
Main event

Triple Stumper
    $300 18
Roger Clinton

Chris
    $300 23
(N: What is war?)

Baseball

Nancy
Triple Stumper
    $400 4
IV

Triple Stumper
    $400 11
Arabic

Chris
    $400 16
Armadillo

Mary
    $400 29
(Alex: I'd have said a pub!)

Neutral corner

Chris
    $400 19
Rob Roy

Nancy
    $400 24
Mark Twain

Nancy
    $400 5
Pierre L'Enfant

Nancy
    $500 12
Portuguese

Chris
    $500 17
(C: What is a crocodile?)

Salamander

Chris
Triple Stumper
    $500 30
(N: What is a 10 count?)

Standing eight count

Nancy
Triple Stumper
    $500 20
Roger Bacon

Mary
    $500 25
(C: What is gossip?)
(we have a minute to go...)

Rumor

Chris
Triple Stumper

Scores at the first commercial break (after clue 15):

Mary Nancy Chris
$700 $1,700 $700

Scores at the end of the Jeopardy! Round:

Mary Nancy Chris
$1,600 $1,800 $700

Double Jeopardy! Round responses

AMERICAN REVOLUTIONARIES
FILMS OF THE '50s
SINGULAR NAMES
(Alex: None of the correct responses will end with "S".)
"ITZ"
DESCARTES
THE HORSE
    $200 7
Benedict Arnold

Chris
    $200 26
(buzzer sounds)

Ireland

Triple Stumper
    $200 19
(Alex: George Reeves was the TV Superman.)

(Christopher) Reeve

Chris
    $200 2
(N: What is Fritz?)

(John) Fitzgerald (Kennedy)

Nancy
Triple Stumper
    $200 1
I think

Mary
    $200 14
Train

Nancy
    $400 8
(C: Who is Thomas Paine?)
(M: Who is Adams?)

Patrick Henry

MaryChris
Triple Stumper
    $400 22
Jack Daniel

Chris
    $400 3
Mark Spitz

Mary
    $400 12
(N: What is the Cartesian coordinate?)

Geometry

NancyChris
    $400 15
Polo

Mary
    $600 9
John Paul Jones

Triple Stumper
    $600 23
Donna Summer

Nancy
    $600 4
Schnitzel

Nancy
    $600 13
Reason

Mary
    $600 16
Thoroughbred

Triple Stumper
    $500 10
Common sense

Chris
    $800 24
Laurence Peter

Mary
    $800 5
Mitzvah

Mary
    $800 20
Sweden

Triple Stumper
    $800 17
Jumping

Triple Stumper
    $1000 11
Sam Adams

Chris
    $1000 25
John Stuart Mill

Triple Stumper
    $1000 6
Chichen Itza

Triple Stumper
    $800 21
(and we have about a minute left...)

Dualist

Chris
    $1000 18
Cormac McCarthy

Triple Stumper

Scores at the end of the Double Jeopardy! Round:

Mary Nancy Chris
$4,400 $2,600 $3,800

[wagering suggestions for these scores]

Final Jeopardy! Round responses

THE GREAT LAKES
NancyWho are the Hurons
$1,800
ChrisWho are the Sioux?
$2,500
MaryWho are the
$600
Illini

Final scores:

Mary Nancy Chris
$3,800 $800 $1,300
2-day champion: $16,100 3rd place: Pair of Jaguar Watches 2nd place: Zenith 32" TV & Bush Home Theater Center

Game dynamics:

Coryat scores:

Mary Nancy Chris
$4,400 $2,700 $4,300
12 R,
1 W
13 R
(including 1 DD),
4 W
14 R
(including 2 DDs),
4 W

Combined Coryat: $11,400

The J! Archive is created by fans, for fans. The Jeopardy! game show and all elements thereof, including but not limited to copyright and trademark thereto, are the property of Jeopardy Productions, Inc. and are protected under law. This website is not affiliated with, sponsored by, or operated by Jeopardy Productions, Inc. Join the discussion at JBoard.tv.